Every Overseas Territory Shape Quiz - Statistics

General Stats
  • This quiz has been taken 69 times
  • The average score is 38 of 52
Answer Stats
Picture Hint Answer % Correct
Denmark Greenland
96%
Denmark Faroe Islands
92%
Australia C{hristmas} Island
90%
China Hong Kong
90%
New Zealand N{iue}
88%
Australia N{orfolk} Island
88%
United States Northern M{ariana} Islands
88%
Disputed Western Sahara
88%
France French {Polynesia}
85%
France N{ew} {Caledonia}
85%
United States P{uerto} {Rico}
85%
France W{allis} and {Futuna}
85%
Disputed Antarctica
83%
Netherlands A{ruba}
83%
United Kingdom British {Indian} {Ocean} Territory
83%
United Kingdom F{alkland} Islands
83%
Australia {Heard} and Mc{Donald} Islands
83%
China M{acau}
83%
Norway Svalbard
83%
United States U.S {Virgin} Islands
83%
New Zealand C{ook} Islands
81%
Netherlands C{uraçao}
81%
United States G{uam}
81%
United Kingdom Saint H{elena}
81%
France/Netherlands Saint {Martin}
81%
United Kingdom P{itcairn} Islands
79%
United Kingdom South G{eorgia} and the South {Sandwich} Islands
79%
United States {American} S{amoa}
77%
United Kingdom B{ermuda}
77%
France Saint B{arthelemy}
77%
United Kingdom G{ibraltar}
75%
United Kingdom T{urks} and {Caicos} Islands
75%
New Zealand T{okelau}
73%
United Kingdom A{nguilla}
71%
Australia C{ocos} Islands
71%
France French {Southern} and {Antarctic} Lands
71%
France Saint {Pierre} and {Miquelon}
71%
United Kingdom A{krotiri} and D{hekelia}
69%
Norway J{an} {Mayen}
69%
Norway B{ouvet} Island
67%
United Kingdom C{ayman} Islands
67%
United Kingdom G{uernsey}
67%
United Kingdom J{ersey}
67%
United Kingdom B{ritish} {Virgin} Islands
65%
United Kingdom I{sle} {of} {Man}
60%
United Kingdom M{ontserrat}
60%
Australia A{shmore} and {Cartier} Islands
48%
France C{lipperton} Island
40%
France B{assas} da I{ndia}
25%
France E{uropa} Island
19%
France J{uan} de {Nova} Island
19%
France G{lorioso} Islands
17%
No matching quizzes found
Score Distribution
Percent of People with Each Score
Percentile by Number Answered
Your Score History
You have not taken this quiz